Central Library OPAC University of Rajshahi

The study of plant communities : (Record no. 12670)

MARC details
000 -LEADER
fixed length control field 00829cam a22002651 4500
001 - CONTROL NUMBER
control field 12670
003 - CONTROL NUMBER IDENTIFIER
rucl marc code BD-RjUL
005 - DATE AND TIME OF LATEST TRANSACTION
control field 20211208235333.0
008 - FIXED-LENGTH DATA ELEMENTS--GENERAL INFORMATION
fixed length control field 140129s1956 caua b 001 0 eng
035 ## - SYSTEM CONTROL NUMBER
System control number (BD-RjUL)12720
040 ## - CATALOGING SOURCE
Original cataloging agency DLC
Transcribing agency DLC
Modifying agency DLC
-- OCoLC
-- BD-RjUL
Language of cataloging eng
041 ## - LANGUAGE CODE
Language code of text/sound track or separate title eng
082 00 - DEWEY DECIMAL CLASSIFICATION NUMBER
Classification number 581.7
Author mark and year OOS 1956
100 1# - MAIN ENTRY--PERSONAL NAME
Personal name Oosting, Henry J.
Fuller form of name (Henry John),
Dates associated with a name 1903-1968.
9 (RLIN) 39447
245 14 - TITLE STATEMENT
Title The study of plant communities :
Remainder of title an introduction to plant ecology /
Statement of responsibility, etc. Henry J. Oosting
250 ## - EDITION STATEMENT
Edition statement 2d ed.
260 ## - PUBLICATION, DISTRIBUTION, ETC. (IMPRINT)
Place of publication, distribution, etc. San Francisco :
Name of publisher, distributor, etc. W. H. Freeman ,
Date of publication, distribution, etc. c1956.
300 ## - PHYSICAL DESCRIPTION
Pagination viii, 440 p. :
Illustrations illus. ;
Size 22 cm.
504 ## - BIBLIOGRAPHY, ETC. NOTE
Bibliography, etc Includes bibliographies and index.
650 #0 - SUBJECT ADDED ENTRY--TOPICAL TERM
Topical term or geographic name as entry element Plant ecology.
9 (RLIN) 38234
Topical term or geographic name as entry element Plant communities.
9 (RLIN) 39448
942 ## - ADDED ENTRY ELEMENTS (KOHA)
Source of classification or shelving scheme Dewey Decimal Classification
Koha item type Books
Holdings
Lost status Source of classification or shelving scheme Damaged status Not for loan Collection code Permanent Location Current Location Shelving location Date acquired Source of acquisition Total Checkouts Full call number Date last seen Copy number Koha item type Cost, normal purchase price
  Dewey Decimal Classification     Non-fiction Central Library, University of Rajshahi Central Library, University of Rajshahi   19/12/1973 US Govt.   581.5 OOS 1956 29/01/2014 C-9 Books  
  Dewey Decimal Classification   Not For Loan Non-fiction Central Library, University of Rajshahi Central Library, University of Rajshahi Reading Room 19/12/1973 U.S. Govt.   581.7 OOS 1956 23/05/2017 C-1 Books  
  Dewey Decimal Classification     Non-fiction Central Library, University of Rajshahi Central Library, University of Rajshahi   19/12/1973 U.S. Govt.   581.7 OOS 1956 23/05/2017 C-2 Books  
  Dewey Decimal Classification     Non-fiction Central Library, University of Rajshahi Central Library, University of Rajshahi   27/02/1964 Mirza books agency   581.7 OOS 1956 23/05/2017 C-3 Books 32.50
  Dewey Decimal Classification     Non-fiction Central Library, University of Rajshahi Central Library, University of Rajshahi   19/12/1973 U.S. Govt.   581.7 OOS 1956 23/05/2017 C-4 Books  
  Dewey Decimal Classification     Non-fiction Central Library, University of Rajshahi Central Library, University of Rajshahi   19/12/1973 U.S. Govt.   581.7 OOS 1956 23/05/2017 C-5 Books  
  Dewey Decimal Classification     Non-fiction Central Library, University of Rajshahi Central Library, University of Rajshahi   12/10/1965 Zeitlinger   581.7 OOS 1956 23/05/2017 C-6 Books 45.00